The analysis of the sustainable operations of AccorHotels

Bibliográfiai részletek
Szerző: Horváth Márton
További közreműködők: Debreceni János
Dokumentumtípus: Diplomadolgozat
Kulcsszavak:Sustainability
Sustainable development
AccorHotels
ACCOR
Procurement
Purchasing
Environment
Hotel Group
Corporate social responsibility
Online Access:http://dolgozattar.uni-bge.hu/15019

MARC

LEADER 00000nta a2200000 i 4500
001 dolg15019
005 20180725122813.0
008 180426suuuu hu om 000 eng d
040 |a BGE Dolgozattár Repozitórium  |b hun 
041 |a en 
100 1 |a Horváth Márton 
245 1 4 |a The analysis of the sustainable operations of AccorHotels  |c Horváth Márton  |h [elektronikus dokumentum] 
246 1 1 |a The analysis of the sustainable operations of AccorHotels 
695 |a Sustainability 
695 |a Sustainable development 
695 |a AccorHotels 
695 |a ACCOR 
695 |a Procurement 
695 |a Purchasing 
695 |a Environment 
695 |a Hotel Group 
695 |a Corporate social responsibility 
700 1 |a Debreceni János  |e ths 
856 4 0 |u http://dolgozattar.uni-bge.hu/15019/1/Marton%20Horvath_The%20analysis%20of%20the%20sustainable%20operations%20of%20AccorHotels_2018.pdf  |z Dokumentum-elérés